000 005060000a22001810004500
003 MACL
005 20160401131245.0
008 160401b xxu||||| |||| 00| 0 eng d
040 _aMACL
_cMACL
041 _aHindi
082 _a370
100 _aरामनरेश सोनी
_949595
245 _aचलते फिरते
_bगिजुभाई
260 _bसर्जना
_c2008
_aबीकानेर
350 _a120
650 _aEducation
_949596
942 _cHIN
_k370/SON
_2ddc
999 _c41190
_d41190